000366778 001__ 366778
000366778 005__ 20260413234452.0
000366778 0247_ $$2doi$$a10.1364/ASSL.2025.AW1A.6
000366778 037__ $$aGSI-2026-00567
000366778 1001_ $$0P:(DE-HGF)0$$aLenski, Mathias$$b0$$eCorresponding author
000366778 1112_ $$aAdvanced Solid State Lasers$$cPrague$$d2025-10-19 - 2025-10-23$$wCzech Republic
000366778 245__ $$aPower and energy scaling of Tm-doped fiber lasers
000366778 260__ $$bOptica Publishing Group Washington, D.C.$$c2025
000366778 29510 $$aOptica Laser Congress Congress 2025 : [Proceedings] - Optica Publishing Group Washington, D.C., 2025. - ISBN 978-1-957171-53-1 - doi:10.1364/ASSL.2025.AW1A.6
000366778 3367_ $$2ORCID$$aCONFERENCE_PAPER
000366778 3367_ $$033$$2EndNote$$aConference Paper
000366778 3367_ $$2BibTeX$$aINPROCEEDINGS
000366778 3367_ $$2DRIVER$$aconferenceObject
000366778 3367_ $$2DataCite$$aOutput Types/Conference Paper
000366778 3367_ $$0PUB:(DE-HGF)8$$2PUB:(DE-HGF)$$aContribution to a conference proceedings$$bcontrib$$mcontrib$$s1776063107_1358461
000366778 3367_ $$0PUB:(DE-HGF)7$$2PUB:(DE-HGF)$$aContribution to a book$$mcontb
000366778 536__ $$0G:(DE-HGF)POF4-631$$a631 - Matter – Dynamics, Mechanisms and Control (POF4-631)$$cPOF4-631$$fPOF IV$$x0
000366778 588__ $$aDataset connected to CrossRef Conference
000366778 693__ $$0EXP:(DE-Ds200)External_experiment-20200803$$1EXP:(DE-Ds200)other-20200803$$5EXP:(DE-Ds200)External_experiment-20200803$$aother$$eExternal experiment at external facility/ no experiment at GSI (other)$$x0
000366778 7001_ $$0P:(DE-HGF)0$$aGaida, Christian$$b1
000366778 7001_ $$0P:(DE-Ds200)OR14271$$aWanitschke, Felix$$b2$$ugsi
000366778 7001_ $$0P:(DE-Ds200)OR9635$$aGierschke, Philipp$$b3
000366778 7001_ $$0P:(DE-HGF)0$$aBahri, Mehran$$b4
000366778 7001_ $$0P:(DE-HGF)0$$aJáuregui, César$$b5
000366778 7001_ $$0P:(DE-HGF)0$$aRöder, Warunya$$b6
000366778 7001_ $$0P:(DE-Ds200)OR8461$$aHeuermann, Tobias$$b7
000366778 7001_ $$0P:(DE-HGF)0$$aLimpert, Jens$$b8
000366778 7001_ $$0P:(DE-HGF)0$$aEidam, Tino$$b9
000366778 773__ $$a10.1364/ASSL.2025.AW1A.6
000366778 909CO $$ooai:repository.gsi.de:366778$$pVDB
000366778 9101_ $$0I:(DE-Ds200)20121206GSI$$6P:(DE-Ds200)OR14271$$aGSI Helmholtzzentrum für Schwerionenforschung GmbH$$b2$$kGSI
000366778 9101_ $$0I:(DE-Ds200)Ext-HIJ$$6P:(DE-HGF)0$$aExternal Helmholtz Institute: HIJ$$b8$$kHIJ
000366778 9131_ $$0G:(DE-HGF)POF4-631$$1G:(DE-HGF)POF4-630$$2G:(DE-HGF)POF4-600$$3G:(DE-HGF)POF4$$4G:(DE-HGF)POF$$aDE-HGF$$bForschungsbereich Materie$$lVon Materie zu Materialien und Leben$$vMatter – Dynamics, Mechanisms and Control$$x0
000366778 9201_ $$0I:(DE-Ds200)JHL-20220701OR461$$kJHL$$lHIJ / HL$$x0
000366778 980__ $$acontrib
000366778 980__ $$aVDB
000366778 980__ $$acontb
000366778 980__ $$aI:(DE-Ds200)JHL-20220701OR461
000366778 980__ $$aUNRESTRICTED